000 00440nam a2200169Ia 4500
008 100305t1993 xxu||||| |||| 00| 0 sin d
041 _asin
080 _aX8S31
_bBOR
100 _aBoralugoda, Jayatissa
245 _aමුහන්දිරමි වලවිව
246 _aMuhandiram Wlauwa
260 _bSara
_aKottaWa
_c1993
300 _a200p., 21 cm
942 _cBK
999 _c70872
_d70872
003 LK-CoDNM
040 _aLK-CoDNM
_dLK-CoDNM
_eLK-CoDNM